LIBRARY & INFORMATION CENTRE, KCAET, TAVANUR

ONLINE PUBLIC ACCESS CATALOGUE (OPAC)

Bangala pranidhi ki prathinidhi hasya / (Record no. 12260)

MARC details
000 -LEADER
fixed length control field 00505cam a2200181ua 4500
041 ## - LANGUAGE CODE
Language code of text/sound track or separate title hin
082 ## - DEWEY DECIMAL CLASSIFICATION NUMBER
Classification number 891.43
Item number PRI/BA
100 ## - MAIN ENTRY--AUTHOR NAME
Personal name Prithvi, nath sasthri .
245 00 - TITLE STATEMENT
Title Bangala pranidhi ki prathinidhi hasya /
260 ## - PUBLICATION, DISTRIBUTION, ETC. (IMPRINT)
Place of publication Delhi :
Name of publisher Atmaram and sons ,
Year of publication 1962.
300 ## - PHYSICAL DESCRIPTION
Number of Pages 395 ; .
700 1# - ADDED ENTRY--PERSONAL NAME
Personal name togendra, Kumar Lalla .
942 ## - ADDED ENTRY ELEMENTS (KOHA)
Koha item type Books
Holdings
Withdrawn status Lost status Damaged status Home library Current library Date acquired Full call number Accession Number Koha item type
Withdrawn     KAUAET Sanskrit University 07/04/2012 891.43 9662 Books
free website counter